00570nam a2200169Ia 4500008004100000020001500041041001200056082001600068100001600084245004700100260003400147300000800181650001900189942000700208999001500215952017000230221030s9999 xx 000 0 und d a8185015694 aEnglish a105.23bChe aD. K. Cheng 0aAnalysis of Linear Systemscby D. K. Cheng bGalgotia PubaNew Delhic1994 a435 aBE Mathematics cBK c2553d2553 pBE 1523g145.00l0o105.23 Cher2024-06-13 00:00:00w2022-10-30yBK003Print4070aMIETLIBbMIETLIBcBL-Academic Block C, FL-2, CUP-6, SH-2, R-2d2000-05-0810HBE